00621nam a22001695i 4500001000700000003000900007005001700016008004100033040002000074100003300094245007700127260004200204300002700246852003700273999001900310952012200329156403ES-MaACL20230906210411.0040729s1904 xxk |||| | eng d aCAM bspa cCAM1 aJones, Henry Arthur.912834414aThe liars b: an original comedy in four acts / cby Henry Arthur Jones. aLondon : bMacmillan and Co., c1904. a[8], 122 p. ; c17 cm. aES-MaACLjG-10118 z-- Enc. hol. c156403d156403 00104070aATENEOMbATENEOMcSPP3d2008-01-17eSSCl0oG-10118p1163631r2023-02-23 00:00:00w2023-02-23yMONOGRAFIA